00696nam a2200241 a 4500001001300000003000900013005001700022008004100039020001000080082001800090100002200108245001700130260004700147300000800194500003500202505003300237650001800270700002200288902000800310942000700318952011400325999001500439nice12345678IN_TiNIC20260116011656.0050524s1956 mada grp 000 0 eng  ac2.500a294.5924bSTE aStephen, Dorothea aGita in Life aMadrasbChristian Literature Societyc1956 a98p aincludes index and biblioraphy2 aBibliography, Index of Names aBhagavad Gita1 aStephen, Dorothea bSRS cBK 001040708StackRoom-aHMIbHMId2007-07-26g2.50l0o294.5924 STEp08789r2007-07-26v2.50w2005-05-24yBK c3331d3331